000 004390000a22001810004500
003 MACL
005 20150823131747.0
008 150823b xxu||||| |||| 00| 0 eng d
040 _aMACL
_cMACL
041 _aEnglish
082 _a649/SHA
100 _aSharma, Rajeev
_96218
245 _aComplete Book Of Child Care
260 _bLotus Press
_c2007
_aNew Delhi
350 _a150
650 _aHome Economics
_97037
942 _cBK
_k649
_2ddc
999 _c8015
_d8015